Jesus' pattern of prayer / (Record no. 4471)

MARC details
000 -LEADER
fixed length control field 00721cam a2200265 a 4500
001 - CONTROL NUMBER
control field 11259
003 - CONTROL NUMBER IDENTIFIER
control field GBCCL
005 - DATE AND TIME OF LATEST TRANSACTION
control field 20241126110519.0
008 - FIXED-LENGTH DATA ELEMENTS--GENERAL INFORMATION
fixed length control field 810407s1981 ilu 00010 eng
010 ## -
-- 81003947 //r88
020 ## - INTERNATIONAL STANDARD BOOK NUMBER
International Standard Book Number 080244962X
035 ## - SYSTEM CONTROL NUMBER
System control number OCM07462316
040 ## - CATALOGING SOURCE
Original cataloging agency DLC
Transcribing agency DLC
Modifying agency LBB
049 ## -
-- LBBK
050 0# -
-- BV230
-- .M23
082 0# - DEWEY DECIMAL CLASSIFICATION NUMBER
Classification number 226.96077
Edition information 19
092 ## - LOCALLY ASSIGNED DEWEY CALL NUMBER (OCLC)
Classification number 226.96077
Item number M116
100 10 - MAIN ENTRY--PERSONAL NAME
Personal name MacArthur, John,
Dates associated with a name 1939-
9 (RLIN) 1165
245 10 - TITLE STATEMENT
Title Jesus' pattern of prayer /
Statement of responsibility, etc. by John MacArthur, Jr.
250 ## - EDITION STATEMENT
Edition statement paperback edition
260 0# - PUBLICATION, DISTRIBUTION, ETC.
Place of publication, distribution, etc. Chicago, [Ill.] :
Name of publisher, distributor, etc. Moody Press,
Date of publication, distribution, etc. 1984, c1981.
300 ## - PHYSICAL DESCRIPTION
Extent 141 p. ;
Dimensions 21 cm.
630 00 - SUBJECT ADDED ENTRY--UNIFORM TITLE
Uniform title Lord's prayer
General subdivision Commentaries.
9 (RLIN) 8342
942 ## - ADDED ENTRY ELEMENTS (KOHA)
Source of classification or shelving scheme Dewey Decimal Classification
Koha item type Books
Koha issues (borrowed), all copies 2
Holdings
Withdrawn status Lost status Source of classification or shelving scheme Damaged status Not for loan Home library Current Library Shelving location Date acquired Total checkouts Full call number Barcode Date last seen Date last checked out Copy number Price effective from Koha item type
    Dewey Decimal Classification     GRACE BIBLE COLLEGE GRACE BIBLE COLLEGE Biblical Studies 2018-01-22 2 226.96077 MAC 008354 2025-05-01 2019-03-19 c.1 2018-01-22 Books
© Grace Bible College Library 2025